Saúl o la puerta de las ovejas

Gespeichert in:
Bibliographische Detailangaben
1. Verfasser: Mészoly, Miklós (autor)
Format: Buch
Sprache:Spanisch
Veröffentlicht: Barcelona Grijalbo 1977
Schriftenreihe:Edibolsillo paperback Grijalbo. Novela, 129
Schlagworte:
Tags: Tag hinzufügen
Keine Tags, Fügen Sie den ersten Tag hinzu!

MARC

LEADER 00000nam a2200000 a 4500
001 UCX2785
003 CL-VaPUC
008 910812e19770000SP |||||||||||||||||spa|d
082 0 4 |a 894.511  |b MES  |2 21 
100 |a Mészoly, Miklós  |e autor  |9 318880 
245 1 0 |a Saúl o la puerta de las ovejas 
300 |a 219 p 
942 |c BK 
945 |d 19910812 00:00:00 
260 |a Barcelona  |b Grijalbo  |c 1977 
650 7 |a NOVELAS HUNGARAS  |2 CL-VaPUC  |9 318881 
583 |a last modification  |c 19910812 00:00:00  |k Rodrigo Vera 
490 0 |a Edibolsillo paperback Grijalbo. Novela, 129 
999 |c 223732  |d 223730 
952 |0 0  |1 0  |4 0  |6 894_511000000000000_MES_1977  |7 0  |8 A  |9 219786  |a BIBEDU  |b BIBEDU  |d 2019-11-15  |i 2884755  |o 894.511 MES 1977  |p 2884755  |r 2019-11-15  |w 2019-11-15  |y BK  |k LIT